Η Σίβυλλα : τρία δοκίμια πάνω στην αρχαία θρησκεία και το Χριστιανισμό

Αποθηκεύτηκε σε:
Λεπτομέρειες βιβλιογραφικής εγγραφής
Κύριος συγγραφέας: Zielinski, Tadeusz 1859-1944
Άλλοι συγγραφείς: Τατάκης, Βασίλειος Ν. (1897-1986) (Μεταφραστής, Συγγραφέας εισαγωγής κ.λπ.)
Μορφή: Βιβλίο
Γλώσσα:Greek
French
Δημοσίευση: Αθήναι : Παπαδημητρίου, [1951].
Σειρά:100 Αθάνατα Έργα ; v.15
Θέματα:
Ετικέτες: Προσθήκη ετικέτας
Δεν υπάρχουν, Καταχωρήστε ετικέτα πρώτοι!

MARC

LEADER 00000cam a2200000 i 4500
001 1/90629
008 080707s1951 gr | ||| |||| ||gre||
035 |l 10098772 
040 |a GR-MY-UA  |b gre  |e aacr 
041 1 |a gre  |h fre 
082 7 |a 204   |2 (22) 
100 1 |a Zielinski, Tadeusz  |d 1859-1944. 
245 1 2 |a Η Σίβυλλα :   |b τρία δοκίμια πάνω στην αρχαία θρησκεία και το Χριστιανισμό /   |c Θαδαίου Τσελίνσκι ; μετάφραση, εισαγωγή και σημειώσεις: Β.Ν. Τατάκη.  
260 |a Αθήναι :   |b Παπαδημητρίου,   |c [1951].  
300 |a 126 σ. ;   |c 21 εκ.  
490 1 |a (100 Αθάνατα Έργα ;   |v  vol.15) 
500 |a Μετάφραση του: La Sibylle: trois essais sur la religion antique et le Christianisme.  
504 |a Περιλαμβάνει βιβλιογραφίες. 
650 0 0 |a Christianity and other religions. 
650 0 0 |a Sibyls. 
700 1 |a Τατάκης, Βασίλειος Ν.  |d (1897-1986)  |e trl  |e aui 
830 0 |a 100 Αθάνατα Έργα ;  |v  v.15 
852 |a INST  |b RHODES  |c AKA  |e 20080707  |h  204 ZIE  |p 005400027779  |q 005400027779  |t BK  |y 0 
901 |a BIBL4-2008-2 
909 |a Ρ  |b 150751 
970 |a ΧΑΡΙΟΠΟΛΙΤΟΥ  |b ΚΩΝΣΤΑΝΤΙΝΑ  |z 2008/07/07